00821nam a2200253Ia 4500001000900000003000500009005001700014008004100031010001100072020001800083040000900101082002000110245011600130260003300246300001100279500005000290504003000340650004600370650002200416650002000438650004400458700003600502700002900538dia_1547CHAP20251021152527.0220117s1973 xx 000 0 und d a172090 a84-200-0311-5 cCHAP a621.56 V33 1973 aVademecum del frigorista /c colaboración Horst Mörsel...[et al.] ; traducción Francisco Besante Besante aEspaña :b Acribia,c1973 a454 p. aTítulo original: Taschenbuch kälteanlagen aBibliografía: p.447-448 aCooling systemsxHandbooks, manuals, etc. aRefrigeración  aRefrigeration  aSistemas de refrigeraciónxManuales  aBesante Besante, Francisco, tr. aMörsel, Horst, colab.